| 000 | 00523nam a2200193 a 4500 | ||
|---|---|---|---|
| 001 | 1766296075666 | ||
| 003 | YourLibrary | ||
| 005 | 20251221111916.0 | ||
| 008 | 251221s2000##################000#0#eng## | ||
| 020 | _a9780306462498 | ||
| 082 | 0 | 4 |
_a616.860 _bBAR |
| 100 | 1 |
_aBarnes, Gordon E., _eauthor. |
|
| 245 | 1 | 0 | _aThe Addiction-Prone Personality : |
| 260 |
_bSpringer Science & Business Media, _c2000. |
||
| 300 | _a324 pages | ||
| 650 | 0 | _aEducation. | |
| 942 | _cENGLISH | ||
| 040 |
_aYourLibrary _beng _cYourLibrary |
||
| 999 |
_c603335 _d603335 |
||